[Event "Julius Baer Play In"]
[Site "Chess.com INT"]
[Date "2023.07.24"]
[Round "8.3"]
[White "Meier, Georg"]
[Black "Mamedov, Rauf"]
[Result "1/2-1/2"]
[WhiteElo "2629"]
[BlackElo "2636"]
[PlyCount "144"]
[EventDate "2023.07.24"]
[EventType "swiss (rapid)"]
[EventRounds "9"]
[EventCountry "GER"]
[SourceTitle "CBM 215 Extra"]
[Source "ChessBase"]
[SourceDate "2023.09.30"]
[SourceVersion "1"]
[SourceVersionDate "2023.09.30"]
[SourceQuality "1"]

1. Nf3 d5 2. g3 g6 3. Bg2 Bg7 4. d4 Nf6 5. 0-0 0-0 6. c4 c6 7. cxd5 cxd5 8. Nc3 Ne4 9. Ne5 Nxc3 10. bxc3 Nc6 11. Nxc6 bxc6 12. Qa4 Qb6 13. Ba3 Qa6 14. Qxa6 Bxa6 15. Rfb1 Rfb8 16. Bf1 Bf8 17. Bc5 Rxb1 18. Rxb1 Bb5 19. e3 a6 20. c4 dxc4 21. Rc1 e6 22. Bxf8 Kxf8 23. Bxc4 Ke7 24. Kf1 Kd6 25. Ke1 Rb8 26. Bb3 a5 27. Rc5 f6 28. a4 Bd3 29. Bd1 Rb2 30. Rxa5 Ra2 31. h4 e5 32. Ra7 exd4 33. exd4 g5 34. Rf7 gxh4 35. gxh4 Rb2 36. Bf3 c5 37. Rb7 Rxb7 38. Bxb7 cxd4 39. Kd2 Bf1 40. Be4 h6 41. Bd3 Bg2 42. a5 Kc5 43. a6 Kb6 44. Kc2 Bd5 45. Bf1 Be4+ 46. Kb3 Bd5+ 47. Kb4 Be6 48. Bc4 Bc8 49. Bd3 Be6 50. Be2 Bc8 51. Bf1 Be6 52. Ka3 Bc8 53. Kb3 Be6+ 54. Kc2 Bf5+ 55. Kd2 Bc8 56. Bd3 Bg4 57. Ke1 Bc8 58. Ke2 Bg4+ 59. Kd2 Bc8 60. Bc4 Bf5 61. Ke2 Be4 62. f3 Bf5 63. Kd2 Bg6 64. Ke2 Bf5 65. Kd2 Bg6 66. Bd3 Be8 67. Be2 Bg6 68. Bc4 Bf5 69. Bd3 Bc8 70. Bc4 Bf5 71. Bd3 Bc8 72. Bc4 Bf5 1/2-1/2

[Event "Julius Baer Play In"]
[Site "Chess.com INT"]
[Date "2023.07.24"]
[Round "9.3"]
[White "Tabatabaei, Mohammad Amin"]
[Black "Meier, Georg"]
[Result "1/2-1/2"]
[WhiteElo "2689"]
[BlackElo "2629"]
[PlyCount "35"]
[EventDate "2023.07.24"]
[EventType "swiss (rapid)"]
[EventRounds "9"]
[EventCountry "GER"]
[SourceTitle "CBM 215 Extra"]
[Source "ChessBase"]
[SourceDate "2023.09.30"]
[SourceVersion "1"]
[SourceVersionDate "2023.09.30"]
[SourceQuality "1"]

1. e4 e6 2. d4 d5 3. Nc3 dxe4 4. Nxe4 Nd7 5. Nf3 Ngf6 6. Nxf6+ Nxf6 7. Be3 Bd6 8. Bd3 0-0 9. Qe2 b6 10. 0-0-0 Bb7 11. Kb1 Nd5 12. Bd2 Nf4 13. Bxf4 Bxf4 14. Be4 Bxe4 15. Qxe4 Qf6 16. Rd3 Rad8 17. Rhd1 a5 18. g3 1/2-1/2

[Event "Julius Baer Play In"]
[Site "Chess.com INT"]
[Date "2023.07.24"]
[Round "1.24"]
[White "Tari, Aryan"]
[Black "Meier, Georg"]
[Result "0-1"]
[WhiteElo "2641"]
[BlackElo "2629"]
[PlyCount "74"]
[EventDate "2023.07.24"]
[EventType "swiss (rapid)"]
[EventRounds "9"]
[EventCountry "GER"]
[SourceTitle "CBM 215 Extra"]
[Source "ChessBase"]
[SourceDate "2023.09.30"]
[SourceVersion "1"]
[SourceVersionDate "2023.09.30"]
[SourceQuality "1"]

1. c4 b6 2. Nc3 Bb7 3. e4 e5 4. g3 Nc6 5. Bg2 Bc5 6. Nge2 Nge7 7. a3 a5 8. d3 0-0 9. 0-0 d6 10. Be3 Rb8 11. Rb1 h6 12. Qd2 Qd7 13. h3 Bxe3 14. fxe3 Ba6 15. Kh2 b5 16. cxb5 Bxb5 17. b4 axb4 18. axb4 Rb6 19. h4 Rfb8 20. Bh3 Qe8 21. Nc1 Ba6 22. N3a2 d5 23. exd5 Nxd5 24. Nc3 Ncxb4 25. Nxd5 Nxd5 26. Rxb6 Rxb6 27. Bg2 Nf6 28. Kg1 e4 29. Re1 exd3 30. Qc3 Qd7 31. Nb3 Qd6 32. Nd4 Qe5 33. Kh2 c5 34. Qa5 d2 35. Rd1 Ng4+ 36. Kh1 Qxg3 37. Nf3 Nf2+ 0-1